00429 a2200133 450000500170000002000220001708200120003910000170005124501030006826000380017130000290020970000280023870000290026620250613084642.0 a978-82-8062-669-1 a657 MIC aFJELDSTAD, O aLifting the Veil of Secrecy: Perspectives on International Taxation and Capital Flight from Africa aNorwaybMichelsen Institutec2017 a167p.bReferencesc25 cm aSigrid Klaeboe Jacobsen aPeter Henrisken Ringstad